Countries that Hosted World's Fair (Expo) - Statistics

General Stats
  • This quiz has been taken 256 times
  • The average score is 14 of 16
Answer Stats
Year Hosted Answer % Correct
1853,1876,1884,1893,1898,1901,1904,1907,1909,1915,1933,1939,1962,1964,1968,1974,1982,1984 United States
99%
1855,1867,1878,1889,1900,1937 France
98%
1906,1911,1992,2015 Italy
97%
1851,1862 United Kingdom
97%
2000 Germany
96%
1888,1929,1992,2008 Spain
96%
1970,1975,1985,2005 Japan
95%
2010 China
94%
1967,1986 Canada
93%
1879,1880,1988 Australia
87%
1885,1897,1905,1910,1913,1930,1935,1939,1958 Belgium
82%
1922 Brazil
79%
1865,1998 Portugal
78%
1993,2012 South Korea
78%
1873 Austria
77%
1907 Ireland
66%
No matching quizzes found
Score Distribution
Percent of People with Each Score
Percentile by Number Answered
Your Score History
You have not taken this quiz